000 00302nam a2200133 i 4500
001 bg
100 1 _aZUBER, R.
245 0 _aMetody numeryczne i programowanie /
_cR. Zuber.
260 _aWarszawa,
_c1972.
040 _cBPK
041 _apol
942 _cKS
008 s pl f |000 0 pol
999 _c2211
_d2211
856 _uhttp://koha.tu.koszalin.pl/cgi-bin/koha/opac-detail.pl?biblionumber=2211
_yKatalog online BPK